| 000 | 00428nam a2200157Ia 4500 | ||
|---|---|---|---|
| 003 | GCL | ||
| 008 | 140319s9999 xx 000 0 eng d | ||
| 040 |
_aGCL / _cGCL |
||
| 082 | 0 | 4 |
_a350 _bC D |
| 100 | 1 | _aCOLLIN, PETER HODGSON | |
| 245 | 1 | 0 |
_aDICTIONARY OF GOVERNMENT AND POLITICS / _cCOLLIN, PETER HODGSON |
| 260 |
_a[S.N] : _bPETER COLLIN PUBLISHING ، _c1988 |
||
| 300 | _a225 P | ||
| 650 | 0 | 4 | _aGOVERNMENT |
| 942 |
_2ddc _cBK |
||
| 999 |
_c11142 _d11142 |
||